India on the threshold of the 21st century : (Record no. 129841)

MARC details
000 -LEADER
fixed length control field 00797nam a22002657a 4500
003 - CONTROL NUMBER IDENTIFIER
control field 0
005 - DATE AND TIME OF LATEST TRANSACTION
control field 20180630124336.0
008 - FIXED-LENGTH DATA ELEMENTS--GENERAL INFORMATION
fixed length control field 0
010 ## - LIBRARY OF CONGRESS CONTROL NUMBER
LC control number A-996284
020 ## - INTERNATIONAL STANDARD BOOK NUMBER
Terms of availability 580.00
International Standard Book Number 8170950686
035 ## - SYSTEM CONTROL NUMBER
System control number A-996284, A-996285
037 ## - SOURCE OF ACQUISITION
Source of stock number/acquisition Cen Lib/Ret
040 ## - CATALOGING SOURCE
Original cataloging agency DPL
Language of cataloging EN
Transcribing agency 0
082 ## - DEWEY DECIMAL CLASSIFICATION NUMBER
Classification number 954
Item number IND
245 ## - TITLE STATEMENT
Title India on the threshold of the 21st century :
Statement of responsibility, etc edited by S. Bhatt [and] V. S.Mani
Remainder of title shape of things to come /
260 ## - PUBLICATION, DISTRIBUTION, ETC. (IMPRINT)
Name of publisher, distributor, etc Lancer Books
Date of publication, distribution, etc 1999
Place of publication, distribution, etc New Delhi
270 ## - ADDRESS
Address P.O.Box 4236
City New Delhi
Postal code 110048
300 ## - PHYSICAL DESCRIPTION
Extent xi,413p.
Dimensions 20cm(Hb)
500 ## - GENERAL NOTE
General note Includes index
650 ## - SUBJECT ADDED ENTRY--TOPICAL TERM
Topical term or geographic name as entry element Social conditions
9 (RLIN) 1609
650 ## - SUBJECT ADDED ENTRY--TOPICAL TERM
Topical term or geographic name as entry element India -- Politics and government -- 1977
9 (RLIN) 37
700 ## - ADDED ENTRY--PERSONAL NAME
Personal name Bhatt, S.
9 (RLIN) 27548
700 ## - ADDED ENTRY--PERSONAL NAME
Personal name Mani, V.S.
9 (RLIN) 19798
942 ## - ADDED ENTRY ELEMENTS (KOHA)
Source of classification or shelving scheme Dewey Decimal Classification
Koha item type English Books
Classification part 954
Call number suffix IND
Holdings
Withdrawn status Lost status Damaged status Not for loan Home library Current library Date acquired Source of acquisition Cost, normal purchase price Total Checkouts Full call number Barcode Date last seen Copy number Cost, replacement price Price effective from Koha item type Source of classification or shelving scheme Collection code
        Central Library Central Library 07/07/2015 Cen Lib/Ret 580.00   954 IND A-996284 07/07/2015 1 580.00 07/07/2015 English Books    
        Patel Nagar Patel Nagar 30/06/2018 BPPD/Pub 580.00   954 IND A-996285 30/06/2018 1 580.00 30/06/2018 English Books Dewey Decimal Classification Non-fiction

© Delhi Public Library
Hit Counter
free hit counter